[Event "Challenge"]
[Site "http://www.queenalice.com/game.php?id=96253"]
[Date "2006.8.16"]
[Round "-"]
[White "Erectio"]
[Black "moacirsr"]
[Result "0-1"]
[WhiteElo "1262"]
[BlackElo "1474"]

1. e4 e5 2. Nf3 d6 3. d4 Nf6 4. dxe5 Nxe4 5. exd6 Nxd6 6. c4 Be7 7. c5 Ne4 8.
Bd3 Nxc5 9. Ne5 O-O 10. Be3 Qd5 11. Bxc5 Qxe5+ 12. Qe2 Qxc5 13. O-O Qg5 14. Qe4
g6 15. f4 Bf5 16. Qe3 Qf6 17. Bxf5 Nc6 18. Bd7 Nb4 19. Qe4 Bd6 20. Qxb7 Nd3 21.
Nd2 Bc5+ 22. Kh1 Nf2+ 23. Rxf2 Bxf2 24. Qxc7 Qh4 25. Nf3 Qh6 26. Ne5 Bg3 27. Ng4
Qxf4 0-1

[Event "Desafio Net"]
[Site "http://www.queenalice.com/game.php?id=96991"]
[Date "2006.8.18"]
[Round "-"]
[White "moacirsr"]
[Black "guerreiro_de_Deus"]
[Result "1-0"]
[WhiteElo "1300"]
[BlackElo "1326"]

1. d4 c6 2. e3 e5 3. d5 cxd5 4. Nc3 Nf6 5. Nxd5 e4 6. Bc4 Nxd5 7. Qxd5 Qe7 8.
Ne2 Nc6 9. b3 d6 10. Ba3 Be6 11. Qxe4 Bxc4 12. Qxc4 O-O-O 13. Nd4 Qc7 14. O-O d5
15. Qa4 Bxa3 16. Nb5 Qa5 17. Nxa3 Qxa4 18. bxa4 Nb4 19. Rfd1 Rd7 20. c3 Nc6 21.
Nb5 a6 22. Nd4 Nxd4 23. cxd4 Re8 24. Rdc1+ Rc7 25. Rxc7+ Kxc7 26. Rc1+ Kb8 27.
f3 Rc8 28. Rxc8+ Kxc8 29. g4 Kc7 30. Kf2 Kb6 31. e4 Kc6 32. Ke3 dxe4 33. Kxe4
Kd6 34. h4 b5 35. axb5 axb5 36. f4 b4 37. f5 g6 38. g5 gxf5+ 39. Kxf5 Kd5 40.
Kf6 Kxd4 41. Kxf7 Kc3 42. Kg7 Kb2 43. Kxh7 Kxa2 44. g6 b3 45. g7 b2 46. g8=Q+
Ka1 47. Qb3 1-0

[Event "Brazil x Russia"]
[Site "http://www.queenalice.com/game.php?id=96992"]
[Date "2006.8.18"]
[Round "-"]
[White "moacirsr"]
[Black "LoveChess"]
[Result "0-1"]
[WhiteElo "1438"]
[BlackElo "2053"]

1. e4 d5 2. exd5 Qxd5 3. Nc3 Qa5 4. Bb5+ Bd7 5. Bxd7+ Nxd7 6. Nf3 Ngf6 7. O-O e5
8. Re1 Bd6 9. a3 O-O 10. d3 Rfe8 11. b4 Bxb4 12. Bb2 Bxc3 13. Bxc3 Qxc3 14. Re2
a5 15. Rb1 Nd5 16. d4 Qc6 17. Rb3 a4 18. Nxe5 Nxe5 19. Rxe5 axb3 20. cxb3 Rxe5
21. dxe5 Nf4 22. Qf1 Rd8 23. g3 Rd1 24. Qxd1 Qg2# 0-1

[Event "AUTO-OPEN-361"]
[Site "http://www.queenalice.com/game.php?id=97070"]
[Date "2006.8.18"]
[Round "1"]
[White "AlexBoneto"]
[Black "moacirsr"]
[Result "0-1"]
[WhiteElo "1590"]
[BlackElo "1395"]

1. e4 e5 2. Qh5 Nc6 3. Bc4 Nh6 4. d3 g6 5. Qf3 Nd4 6. Qd1 d6 7. Bxh6 Bxh6 8. c3
Nc6 9. Qf3 f6 10. Na3 Qe7 11. Nb5 Be6 12. Nxc7+ Qxc7 13. Bxe6 Qb6 14. Qxf6 Rf8
15. Qh4 Nd8 16. Bd7+ Kxd7 17. Qxh6 Qxf2+ 18. Kd1 Qf1+ 19. Kc2 Rf2+ 20. Kb3 Qxa1
21. Qxh7+ Kc6 22. Kc4 b5+ 23. Kb4 a5+ 24. Kb3 Qxb2# 0-1

[Event "AUTO-OPEN-361"]
[Site "http://www.queenalice.com/game.php?id=97071"]
[Date "2006.8.18"]
[Round "1"]
[White "moacirsr"]
[Black "AlexBoneto"]
[Result "0-1"]
[WhiteElo "1438"]
[BlackElo "1580"]

1. e4 e5 2. Nc3 Nf6 3. Nf3 Nc6 4. b3 Bc5 5. Nd5 Nxe4 6. d3 Nxf2 7. Qe2 Nxh1 8.
d4 Bb6 9. Nxe5 Nxe5 10. Qxe5+ Kf8 11. Bg5 Qe8 12. Be7+ Kg8 13. Qg5 Bxd4 14. c3
f6 15. Nxc7 Qxe7+ 16. Be2 fxg5 17. cxd4 Qb4+ 18. Kd1 Qxd4+ 19. Ke1 Qxa1+ 0-1

[Event "AUTO-OPEN-361"]
[Site "http://www.queenalice.com/game.php?id=97092"]
[Date "2006.8.18"]
[Round "1"]
[White "csadler"]
[Black "moacirsr"]
[Result "1-0"]
[WhiteElo "1644"]
[BlackElo "1526"]

1. Nf3 Nf6 2. g3 b6 3. Bg2 Bb7 4. c4 e6 5. d4 d5 6. O-O Bd6 7. cxd5 Bxd5 8. Nc3
Bc6 9. Bg5 h6 10. Bxf6 Qxf6 11. e4 Nd7 12. e5 Bxe5 13. dxe5 Bxf3 14. Bxf3 Nxe5
15. Bxa8 O-O 16. Be4 Nc4 17. Qc2 Nd6 18. Bh7+ Kh8 19. Ne4 Nxe4 20. Bxe4 a5 21.
Qxc7 e5 22. Rad1 b5 23. Qxa5 g5 24. Qxb5 1-0

[Event "AUTO-OPEN-361"]
[Site "http://www.queenalice.com/game.php?id=97093"]
[Date "2006.8.18"]
[Round "1"]
[White "moacirsr"]
[Black "csadler"]
[Result "1-0"]
[WhiteElo "1486"]
[BlackElo "1705"]

1. e4 g6 2. b3 Bg7 3. c3 d6 4. Bc4 Nf6 5. Qf3 O-O 6. d4 Bg4 7. Qg3 Bd7 8. Nf3
Nxe4 9. Qh4 Nf6 10. Bd3 Nc6 11. h3 Rc8 12. g4 e5 13. Bh6 exd4 14. g5 Nh5 15.
Bxg7 Kxg7 16. Nbd2 Re8+ 17. Ne4 d5 18. O-O-O dxe4 19. Bxe4 Qe7 20. Rhe1 Qd6 21.
Nxd4 Nxd4 22. Rxd4 Qf4+ 23. Qxf4 Nxf4 24. Kd2 Nxh3 25. Bxb7 Rcd8 26. a4 Rxe1 27.
Kxe1 Nxg5 28. Rd5 Re8+ 29. Kd2 Ne4+ 30. Kd3 Bf5 31. f3 Nc5+ 32. Kc4 Nxb7 33. Kb5
Nd6+ 34. Ka6 Be6 35. Rc5 Bxb3 36. a5 Re6 37. Kxa7 Re3 38. Kb8 Rxc3 39. Rxc3 Be6
40. Rxc7 Nb5 41. Rc1 Kf6 42. Kb7 Bd5+ 43. Kb6 Nd6 44. a6 h5 45. Rd1 Ke5 46. f4+
Ke4 47. Kc5 Bc4 48. Rd4+ Kf5 49. Rxc4 Nxc4 50. Kxc4 1-0

[Event "AUTO-OPEN-361"]
[Site "http://www.queenalice.com/game.php?id=97106"]
[Date "2006.8.18"]
[Round "1"]
[White "moacirsr"]
[Black "mateintwo"]
[Result "0-1"]
[WhiteElo "1474"]
[BlackElo "2072"]

1. e4 d5 2. d4 dxe4 3. Nc3 Nf6 4. f3 exf3 5. Nxf3 e6 6. d5 exd5 7. Bg5 Bb4 8.
Qe2+ Qe7 9. O-O-O Bxc3 10. bxc3 Be6 11. Nd4 Qa3+ 12. Kb1 Ne4 13. Nb5 Nxc3+ 14.
Nxc3 Qb4+ 15. Kc1 Qxc3 16. Qb5+ Nc6 17. Qxb7 Rb8 18. Qxc7 Bg4 19. Bb5 Qa3+ 20.
Kd2 Qb4+ 21. Kc1 Qxb5 22. Rhe1+ Be6 23. a4 Qb2+ 24. Kd2 Qb4+ 25. Ke2 Qxa4 26.
Kf1 O-O 27. Qg3 Qxc2 28. Bf6 Qf5+ 29. Qf2 Qxf2+ 30. Kxf2 gxf6 31. Rc1 Ne5 32. h3
Nd3+ 33. Ke2 Nxc1+ 34. Rxc1 Rb2+ 35. Kd1 Rxg2 36. h4 Rb8 37. Rc2 Rb1+ 38. Rc1
Bg4+ 39. Ke1 Rxc1# 0-1

[Event "AUTO-OPEN-361"]
[Site "http://www.queenalice.com/game.php?id=97107"]
[Date "2006.8.18"]
[Round "1"]
[White "mateintwo"]
[Black "moacirsr"]
[Result "1-0"]
[WhiteElo "1827"]
[BlackElo "1442"]

1. e4 e5 2. Nf3 Nc6 3. Bc4 Nh6 4. d4 Nxd4 5. Bxh6 gxh6 6. Nxe5 d6 7. Nxf7 Qf6 8.
Nxh8 Qxh8 9. c3 Nc6 10. Qh5+ Kd7 11. O-O Nd4 12. cxd4 Qxd4 13. Qf5+ Kc6 14. Qb5#
1-0

[Event "Challenge"]
[Site "http://www.queenalice.com/game.php?id=101374"]
[Date "2006.9.1"]
[Round "-"]
[White "moacirsr"]
[Black "julie"]
[Result "0-1"]
[WhiteElo "1487"]
[BlackElo "1387"]

1. e4 g6 2. b3 Bg7 3. Nc3 c6 4. Bc4 b5 5. Qf3 d5 6. Bxd5 cxd5 7. exd5 Nd7 8. d6
Rb8 9. Nd5 Bb7 10. Nc7+ Kf8 11. Ne6+ Ke8 12. Nxd8 Bxf3 13. Nxf3 Kxd8 14. Nd4
Bxd4 15. c3 Bb6 16. d4 exd6 17. Bf4 Ba5 18. b4 Bb6 19. Bxd6 Rc8 20. O-O Rxc3 21.
Rac1 Rd3 22. Bc5 Bc7 23. d5 Rxd5 24. Rfd1 Rh5 25. g3 Nf6 26. Be7+ Kxe7 27. Rxc7
Kd8 28. Rdc1 Nb6 29. Rxa7 Re8 30. Rb7 Nfd7 31. Rd1 Rf5 32. Rxb6 Kc7 33. Ra6 Nb8
34. Rad6 Re4 35. R6d4 Rxd4 36. Rxd4 Nc6 37. Rf4 Rxf4 38. gxf4 Nxb4 39. a3 Nd3
40. f5 gxf5 41. Kg2 Nf4+ 42. Kg3 Ne2+ 43. Kf3 Nd4+ 44. Kf4 Nc2 45. h4 Nxa3 0-1

[Event "Challenge"]
[Site "http://www.queenalice.com/game.php?id=101377"]
[Date "2006.9.1"]
[Round "-"]
[White "PowerGuido"]
[Black "moacirsr"]
[Result "1-0"]
[WhiteElo "1683"]
[BlackElo "1495"]

1. d4 d5 2. c4 dxc4 3. Nf3 Nf6 4. e3 Bf5 5. Bxc4 e6 6. Qb3 Nc6 7. Bd2 b6 8. Bb5
Qd6 9. Qa4 O-O-O 10. Bxc6 a5 11. Ne5 Qe7 12. Qb5 Qd7 13. Qa6+ Kb8 14. Qb7# 1-0

[Event "Challenge"]
[Site "http://www.queenalice.com/game.php?id=346538"]
[Date "2008.2.1"]
[Round "-"]
[White "PowerGuido"]
[Black "moacirsr"]
[Result "1-0"]
[WhiteElo "2320"]
[BlackElo "1525"]

1. e4 e5 2. f4 exf4 3. Bc4 Nh6 4. Nf3 Bc5 5. d4 Bb6 6. Nc3 d6 7. Bxf4 Nc6 8. Bg5
Ne7 9. Nd5 f6 10. Bxh6 gxh6 11. Nxf6+ Kf8 12. O-O Ng6 13. Nh4 Nxh4 14. Qh5 Nxg2
15. Qf7# 1-0

[Event "Challenge"]
[Site "http://www.queenalice.com/game.php?id=349891"]
[Date "2008.2.7"]
[Round "-"]
[White "zegan13"]
[Black "moacirsr"]
[Result "1-0"]
[WhiteElo "2056"]
[BlackElo "1525"]

1. e4 e5 2. Nf3 f6 3. d4 d5 4. exd5 Qxd5 5. Nc3 Qd8 6. Bb5+ c6 7. Bc4 Nh6 8.
Bxh6 gxh6 9. Qe2 Qb6 10. O-O-O Bf5 11. dxe5 Nd7 12. exf6+ Kd8 13. Be6 Bxe6 14.
Qxe6 Qc7 15. Ne5 Kc8 16. Nxd7 b5 17. Nc5+ Kb8 18. Qe8+ Qc8 19. Rd8 Qxd8 20.
Qxd8# 1-0

[Event "Chess4Ever"]
[Site "http://www.queenalice.com/game.php?id=451165"]
[Date "2008.8.20"]
[Round "3"]
[White "moacirsr"]
[Black "KHIM"]
[Result "0-1"]
[WhiteElo "1525"]
[BlackElo "2414"]

1. d4 Nf6 2. f3 d5 3. Bf4 c5 4. e3 a6 5. dxc5 Nc6 6. Bd3 e5 7. Bg3 Bxc5 8. Qe2
e4 9. fxe4 dxe4 10. Bc4 Qb6 11. Bb3 Bg4 12. Qf2 Bxe3 13. Qf1 O-O-O 14. Na3 Bd2#
0-1

[Event "Challenge"]
[Site "http://www.queenalice.com/game.php?id=472586"]
[Date "2008.10.4"]
[Round "-"]
[White "SergioTricolor"]
[Black "moacirsr"]
[Result "1-0"]
[WhiteElo "986"]
[BlackElo "1525"]

1. e4 e5 2. Nf3 Nc6 3. Nxe5 Nxe5 4. Qh5 d5 5. Qxe5+ Be6 6. Nc3 Bd6 7. Qxg7 d4 8.
Qxh8 f6 9. Qxh7 dxc3 10. dxc3 c6 11. Bd3 Qe7 12. Qh5+ Bf7 13. Qf3 O-O-O 14. O-O
Qe5 15. Bf4 Qe6 16. Bd2 Re8 17. Qe3 b5 18. f3 f5 19. Qxa7 Bc7 20. a4 b4 21. cxb4
Qd7 22. Ba6+ Kd8 23. g3 Qxd2 24. Rad1 Bb8 25. Qxb8+ Ke7 26. Qe5+ Be6 27. Rxd2
1-0

[Event "Challenge"]
[Site "http://www.queenalice.com/game.php?id=477552"]
[Date "2008.10.15"]
[Round "-"]
[White "AURELIOMAXIMUS"]
[Black "moacirsr"]
[Result "1-0"]
[WhiteElo "2183"]
[BlackElo "1525"]

1. d4 d5 2. c4 dxc4 3. Nc3 Nf6 4. e4 b6 5. Bxc4 e6 6. Bd3 Qxd4 7. Bb5+ Qd7 8.
Bxd7+ Nbxd7 9. Nf3 Bd6 10. O-O Bb7 11. Bg5 h6 12. Bxf6 gxf6 13. Qd4 Ba6 14. Rfe1
O-O-O 15. Qa4 Nc5 16. Qc2 Rhg8 17. e5 Be7 18. Rad1 Rd3 19. Rxd3 Nxd3 20. Re3 Rd8
21. exf6 Bxf6 22. a4 Nb4 23. Qe4 Bxc3 24. bxc3 Nd5 25. c4 Nxe3 26. fxe3 Rd1+ 27.
Kf2 Ra1 28. Qa8+ Kd7 29. Ne5+ Ke7 30. Qxa7 Rxa4 31. Qxc7+ Kf6 32. Qxf7+ Kg5 33.
Kg3 1-0

[Event "Challenge"]
[Site "http://www.queenalice.com/game.php?id=477553"]
[Date "2008.10.15"]
[Round "-"]
[White "moacirsr"]
[Black "AURELIOMAXIMUS"]
[Result "0-1"]
[WhiteElo "1525"]
[BlackElo "2284"]

1. d4 c5 2. dxc5 Nc6 3. Be3 e5 4. Nf3 f5 5. g3 Nf6 6. Bg2 e4 7. Nh4 d6 8. Bh3
dxc5 9. Nd2 Be7 10. Nxf5 Bxf5 11. Bxf5 O-O 12. O-O Nd4 13. Bh3 Qc7 14. c3 Nc6
15. Qc2 Rae8 16. Nxe4 Nxe4 17. Qxe4 Bd6 18. Qd3 Kh8 19. f4 c4 20. Qd2 Na5 21.
Bd4 Nc6 22. e4 Rxe4 23. Rae1 Rxd4 24. cxd4 Nxd4 25. Bg2 Bc5 26. Kh1 Nf5 27. Qe2
Ne3 28. Rf2 Nxg2 29. Rxg2 Bb4 30. Rc1 b5 31. a3 Ba5 0-1

[Event "Chess4Ever"]
[Site "http://www.queenalice.com/game.php?id=492601"]
[Date "2008.11.13"]
[Round "4"]
[White "moacirsr"]
[Black "sergiogvh"]
[Result "0-1"]
[WhiteElo "1525"]
[BlackElo "1919"]

1. d4 Nf6 2. Nc3 d5 3. Nf3 g6 4. g3 Bg7 5. Bg2 O-O 6. O-O c5 7. dxc5 Nc6 8. Be3
e5 9. Bg5 Be6 10. Qd2 Qd7 11. Nxd5 Qxd5 12. Rad1 Qxa2 13. c3 Ne4 14. Qe3 f5 15.
Nh4 Nxg5 16. Qxg5 e4 0-1